000
00241nam a22000977a 4500
082
_a
920/TOY
100
_a
Toye,Hugh
_9
82306
245
_a
Subhash Chandra Bose The Springing Tiger
260
_a
Mumbai
_b
Jaico Publication
_c
2023
942
_c
BK
999
_c
66769
_d
66769